00981nam a22002777a 450000100040000000500170000402000250002102000290004602000180007504000230009305000240011608200120014010000260015224500500017825000470022826000340027530000240030950000320033350500080036552001740037352100200054752100190056765000530058665000250063965000390066483320250506083430.0 a0060241012 :c$11.95 a0060241020 (lib. bdg.) : a9780590974097 aDLCbengcDLCdDLC00aPZ7.M2225bSar 198500a8132191 aMacLachlan, Patricia.10aSarah, plain and tall /cPatricia MacLachlan. aFirst Scholastic printing, September 1996. aNew York :bScholastic,c1985 a64 pages. ;c20 cm. a"A Charlotte Zolotow book." aP  aWhen their father invites a mail-order bride to come live with them in their prairie home, Caleb and Anna are captivated by their new mother and hope that she will stay. a650 bLexile  aP bRaz-Plus  0aWitting family (Fictitious characters)vFiction. 0aStepmothersvFiction 0aFrontier and pioneer lifevFiction